A szociális struktúra és a szocialista államiság társadalmunk fejlödésében.

Uložené v:
Podrobná bibliografia
Médium: Kniha
Jazyk:Hungarian
Vydané: Bratislava : SZLKP KB ideologiai osztálya, 1966.
Vydanie:1. kiad.
ISBN: (brož.)
Fyzický popis: 27 s.
Tagy: Pridať tag
Žiadne tagy, Buďte prvý kto otaguje tento záznam!

MARC

LEADER 00000nam a2200000 a 4500
001 000196889
005 20100628180436.0
008 040101s1966 xo e hunod
020 |a (brož.)  |c Kčs 1,00 
040 |a SVKKK  |b slo  |c SVKKK  |e AACR2 
041 0 |a hun 
044 |a xo  |c SK 
245 0 0 |a A szociális struktúra és a szocialista államiság társadalmunk fejlödésében. 
250 |a 1. kiad. 
260 |a Bratislava :  |b SZLKP KB ideologiai osztálya,  |c 1966. 
300 |a 27 s. 
910 |a svkkk 
998 |a BK 
090 |g SCKHL  |k Sklad Pribinova 2. posch.  |a II.157073  |j 386063  |i 196889-10  |s Absenčne